• 首页
  • 本馆介绍
  • 公告通知
  • 最新文献
  • 馆藏检索
  • 电子资源
  • 读者导购
  • 参考咨询
  • 我的图书馆
  • 登录
  • 详细信息显示
  • 放入我的书架
  • 预约/预借图书
  • 作者相关作品
  • 分类相关作品
  • 丛书相关作品
  • 出版社相关作品

书目信息

  • 表格格式
  • 工作单格式
  • 卡片格式
题名:
重唱歌曲集
    
 
作者: ;人民音乐出版社编辑部 编
分册:  
出版信息: 北京   人民音乐出版社  1982-1986
页数: 59页
开本: 19cm
丛书名:
单 册:
中图分类: J642.52
科图分类:
主题词: 重唱-歌曲--中国--选集 , 歌曲-重唱--中国--选集
电子资源:
ISBN:
000 00703nam0 2200241 45
001 0182007774
005 20060820112050.87
010    @dCNY0.22
091    @aCN@b8026.3942(1)
100    @a19950408f19821986em y0chiy0121 ea
101 0  @achi
102    @aCN@b110000
105    @ay z 000yy
200 10 @a重唱歌曲集@Achong chang ge qu ji@f人民音乐出版社编辑部编
210    @a北京@c人民音乐出版社@d1982-1986
215    @a59页@d19cm
606    @a重唱-歌曲@y中国@x选集
606    @a歌曲-重唱@y中国@x选集
690    @aJ642.52@v3
711 02 @a人民音乐出版社编辑部@Aren min yin yue chu ban she bian ji bu@4编
801  0 @aCN@bTSSF@c20060820
801  2 @aCN@bNLC@c20060819
905    @a10447@dJ642.52@e195
    
    重唱歌曲集/人民音乐出版社编辑部编.-北京:人民音乐出版社,1982-1986
    59页;19cm
    
    
    ISBN :CNY0.22
    
●
相关链接 在E读中查询图书 在五车中查询图书 在当当中查询图书 在豆瓣中查询图书


正题名:重唱歌曲集     索取号:J642.52/195         预约/预借

序号 登录号 条形码 馆藏地/架位号 状态 备注
1 0466977   204669778   密集书库/ [索取号:J642.52/195] 在馆    
2 0467175   204671756   密集书库/ [索取号:J642.52/195] 在馆    
唐山师范学院图书馆 欢迎您!
大连网信软件有限公司© 版权所有